[Event "Rubinstein Memorial op-C 57th"]
[Site "Polanica Zdroj"]
[Date "2021.08.21"]
[Round "8"]
[White "Galyga, Jozef"]
[Black "Blasiak, Miroslaw"]
[Result "0-1"]
[WhiteElo "1709"]
[BlackElo "1612"]
[PlyCount "56"]
[EventDate "2021.08.14"]
[EventType "swiss"]
[EventRounds "9"]
[EventCountry "POL"]
[SourceTitle "EXT 2023"]
[Source "ChessBase"]
[SourceDate "2022.10.05"]
[SourceVersion "1"]
[SourceVersionDate "2022.10.05"]
[SourceQuality "1"]

1. e4 e5 2. Nf3 Nc6 3. Bc4 Nf6 4. d3 Be7 5. 0-0 0-0 6. c3 d6 7. Bb3 Na5 8. Bc2 c5 9. Nbd2 Nc6 10. Re1 a6 11. a4 h6 12. h3 Be6 13. Nf1 Re8 14. Ne3 Bf8 15. d4 exd4 16. cxd4 Nb4 17. Bb1 d5 18. e5 Ne4 19. dxc5 Bxc5 20. Nd4 Qh4 21. Rf1 Nxf2 22. Rxf2 Qxd4 23. Qh5 Nd3 24. Bxd3 Qxd3 25. Rf3 Rac8 26. Kh2 Qd4 27. Rg3 Kh7 28. Rf3 Kh8 0-1

[Event "Rubinstein Memorial-B 55th"]
[Site "Polanica Zdroj"]
[Date "2019.08.18"]
[Round "2"]
[White "Galyga, Jozef"]
[Black "Meizlin, Yaacov"]
[Result "1-0"]
[WhiteElo "1754"]
[BlackElo "2027"]
[PlyCount "119"]
[EventDate "2019.08.17"]
[EventType "swiss"]
[EventRounds "9"]
[EventCountry "POL"]
[SourceTitle "EXT 2020"]
[Source "ChessBase"]
[SourceDate "2019.10.17"]
[SourceVersion "1"]
[SourceVersionDate "2019.10.17"]
[SourceQuality "1"]

1. Nf3 Nf6 2. b3 d6 3. Bb2 e5 4. d3 Be7 5. e4 0-0 6. Be2 h6 7. Nbd2 Be6 8. 0-0 c6 9. d4 exd4 10. Nxd4 Bd7 11. Re1 a5 12. a3 Na6 13. Bf3 Nh7 14. Nf1 Bf6 15. Rb1 g6 16. Bg4 Nc5 17. f4 Re8 18. Bf3 Qc7 19. Qd2 Rad8 20. Kh1 Bg7 21. b4 Na4 22. Ba1 axb4 23. axb4 b5 24. Nb3 Bxa1 25. Rxa1 Nf8 26. Rad1 Nb2 27. Qxd6 Qc8 28. Ra1 Bg4 29. Qf6 Bxf3 30. gxf3 Na4 31. Rad1 Rxd1 32. Rxd1 Qh3 33. Ng3 h5 34. Nd4 h4 35. Nge2 Nb2 36. Rg1 Nc4 37. f5 Nd7 38. Qg5 Nce5 39. Nf4 Nxf3 40. Nxh3 Nxg5 41. Nxg5 c5 42. bxc5 Nxc5 43. Nxb5 Nxe4 44. Nxe4 Rxe4 45. fxg6 fxg6 46. Rxg6+ Kh7 47. Rg1 Re2 48. Rc1 Re5 49. c4 Rc5 50. Nd6 Kg6 51. Rg1+ Kh5 52. Kg2 Kg4 53. Re1 Ra5 54. Re4+ Kh5 55. Kf3 Ra2 56. h3 Ra3+ 57. Re3 Ra1 58. Re5+ Kg6 59. Kg4 Rd1 60. Rd5 1-0

[Event "Polanica Zdroj op-B 48th"]
[Site "Polanica Zdroj"]
[Date "2012.08.25"]
[Round "8"]
[White "Galyga, Jozef"]
[Black "Ociepka, Tomasz"]
[Result "1/2-1/2"]
[WhiteElo "1972"]
[BlackElo "1885"]
[PlyCount "100"]
[EventDate "2012.08.18"]
[EventType "swiss"]
[EventRounds "9"]
[EventCountry "POL"]
[SourceTitle "EXT 2014"]
[Source "ChessBase"]
[SourceDate "2013.11.20"]
[SourceVersion "1"]
[SourceVersionDate "2013.11.20"]
[SourceQuality "1"]

1. e4 d5 2. exd5 Qxd5 3. Nc3 Qa5 4. Bc4 Nf6 5. d3 c6 6. Bd2 Qc7 7. h3 Bf5 8. Nf3 e6 9. Qe2 Nbd7 10. 0-0 Nb6 11. Bb3 Bd6 12. Ne4 Nxe4 13. dxe4 Bg6 14. a4 0-0 15. Nh4 Nd7 16. Nxg6 hxg6 17. Rfd1 Nc5 18. Bc4 a5 19. Be1 Be5 20. c3 Rfd8 21. Qc2 b6 22. g3 Re8 23. Kg2 Rad8 24. f4 Bf6 25. e5 Be7 26. b4 Nb7 27. Qe4 Rxd1 28. Rxd1 Ra8 29. b5 cxb5 30. Bxb5 Rd8 31. Rxd8+ Bxd8 32. Bf2 Nc5 33. Bxc5 Qxc5 34. Qd4 Qxd4 35. cxd4 Be7 36. Kf3 Bb4 37. Ke4 Kf8 38. g4 Ke7 39. d5 exd5+ 40. Kxd5 Bd2 41. f5 gxf5 42. gxf5 Bf4 43. h4 Be3 44. h5 Bf4 45. Ke4 Bd2 46. Bc4 Bc1 47. e6 fxe6 48. fxe6 Bb2 49. Kf5 Bd4 50. Kg6 Bc3 1/2-1/2

[Event "Polanica Zdroj op-B 48th"]
[Site "Polanica Zdroj"]
[Date "2012.08.22"]
[Round "5"]
[White "Faron, Rafal"]
[Black "Galyga, Jozef"]
[Result "1/2-1/2"]
[WhiteElo "1896"]
[BlackElo "1972"]
[PlyCount "47"]
[EventDate "2012.08.18"]
[EventType "swiss"]
[EventRounds "9"]
[EventCountry "POL"]
[SourceTitle "EXT 2014"]
[Source "ChessBase"]
[SourceDate "2013.11.20"]
[SourceVersion "1"]
[SourceVersionDate "2013.11.20"]
[SourceQuality "1"]

1. d4 Nf6 2. c4 e6 3. Nf3 b6 4. g3 Bb7 5. Bg2 Bb4+ 6. Bd2 Bxd2+ 7. Nbxd2 0-0 8. 0-0 d6 9. Re1 Nbd7 10. e4 e5 11. Qc2 Re8 12. b4 c6 13. c5 exd4 14. cxd6 c5 15. bxc5 bxc5 16. Ng5 h6 17. Nxf7 Kxf7 18. Qb3+ Bd5 19. exd5 Qb6 20. Qf3 Qb4 21. Ne4 Kg8 22. Nxf6+ Nxf6 23. Re7 c4 24. Qe2 1/2-1/2

[Event "Zabrze Mayor's Cup 34th"]
[Site "Zabrze"]
[Date "2011.09.23"]
[Round "1"]
[White "Galyga, Jozef"]
[Black "Michalak, Natalia"]
[Result "1-0"]
[WhiteElo "1953"]
[BlackElo "1422"]
[PlyCount "101"]
[EventDate "2011.09.23"]
[EventType "swiss"]
[EventRounds "10"]
[EventCountry "POL"]
[SourceTitle "CBM 144 Extra"]
[Source "ChessBase"]
[SourceDate "2011.10.28"]
[SourceVersion "1"]
[SourceVersionDate "2011.10.28"]
[SourceQuality "1"]

1. e4 e5 2. Nf3 Nc6 3. Bb5 f5 4. d3 Nf6 5. 0-0 Bc5 6. exf5 0-0 7. Nc3 d6 8. Ne4 Bb6 9. Ng3 Ng4 10. h3 Bxf2+ 11. Rxf2 Nxf2 12. Kxf2 Bxf5 13. Bxc6 bxc6 14. Nxf5 Rxf5 15. Kg1 Qf6 16. Be3 c5 17. Nd2 Qh4 18. Qg4 Qxg4 19. hxg4 Rf7 20. Rf1 Rb8 21. b3 Rb4 22. g5 a5 23. a4 g6 24. Ne4 Rxf1+ 25. Kxf1 Kf7 26. Bd2 Rb7 27. Bxa5 Ke6 28. Ke2 Kf5 29. Kf3 Ra7 30. Bd2 Ra8 31. Nf6 h5 32. Nd5 c6 33. Ne7+ Ke6 34. Nxg6 d5 35. Nh4 c4 36. dxc4 dxc4 37. Ke4 cxb3 38. cxb3 Rf8 39. Nf3 Rf5 40. b4 h4 41. a5 Rf7 42. Be3 Rb7 43. Bc5 Rg7 44. a6 Rg8 45. a7 Kd7 46. Nxe5+ Kc7 47. g6 Kb7 48. Kf5 Re8 49. g7 Ka6 50. Kf6 Kb5 51. Nd7 1-0

[Event "Polanica Zdroj op-A 47th"]
[Site "Polanica Zdroj"]
[Date "2011.??.??"]
[Round "8"]
[White "Galyga, Jozef"]
[Black "Budzinski, Jan"]
[Result "0-1"]
[WhiteElo "1950"]
[BlackElo "1945"]
[PlyCount "56"]
[EventDate "2011.08.19"]
[EventType "swiss"]
[EventRounds "9"]
[EventCountry "POL"]
[SourceTitle "CBM 144 Extra"]
[Source "ChessBase"]
[SourceDate "2011.10.28"]
[SourceVersion "1"]
[SourceVersionDate "2011.10.28"]
[SourceQuality "1"]

1. e4 c6 2. d3 d5 3. Nd2 e5 4. Ngf3 Bd6 5. Be2 Ne7 6. 0-0 Ng6 7. d4 exd4 8. exd5 0-0 9. Ne4 Re8 10. Nxd6 Qxd6 11. Nxd4 Qxd5 12. Be3 Qe5 13. c3 Nd7 14. Nf3 Qc7 15. Qd2 Nf6 16. Bc4 Ne4 17. Qc2 Bg4 18. Ng5 Nxg5 19. Bxg5 Ne5 20. Bb3 Qd6 21. Qd2 Qg6 22. Bc2 Qh5 23. Bd1 h6 24. Bxg4 Qxg4 25. h3 Qxg5 26. f4 Nc4 27. Qd4 Qd5 28. Qxd5 cxd5 0-1

[Event "Polanica Zdroj op-A 47th"]
[Site "Polanica Zdroj"]
[Date "2011.??.??"]
[Round "2"]
[White "Galyga, Jozef"]
[Black "Rykala, Monika"]
[Result "1/2-1/2"]
[WhiteElo "1950"]
[BlackElo "1820"]
[PlyCount "92"]
[EventDate "2011.08.19"]
[EventType "swiss"]
[EventRounds "9"]
[EventCountry "POL"]
[SourceTitle "CBM 144 Extra"]
[Source "ChessBase"]
[SourceDate "2011.10.28"]
[SourceVersion "1"]
[SourceVersionDate "2011.10.28"]
[SourceQuality "1"]

1. e4 c5 2. Nf3 d6 3. g3 Nc6 4. Bg2 g6 5. 0-0 Bg7 6. c3 Nf6 7. d4 0-0 8. dxc5 dxc5 9. Qe2 Bg4 10. h3 Bxf3 11. Bxf3 Ne5 12. Rd1 Nxf3+ 13. Qxf3 Qc8 14. Kh2 b6 15. Na3 Qe6 16. Re1 a6 17. Bf4 Nh5 18. Be3 Nf6 19. Bf4 h6 20. Qe2 b5 21. f3 Rac8 22. Be3 Nh5 23. g4 Nf6 24. Nc2 Nd7 25. a4 b4 26. cxb4 Bxb2 27. Rab1 Bc3 28. Bd2 Bg7 29. b5 Qa2 30. Ne3 e6 31. bxa6 Qxa4 32. Qc4 Qxc4 33. Nxc4 Ra8 34. Rb7 Nb8 35. a7 Nc6 36. Rc7 Nxa7 37. Rxc5 Bd4 38. Ra5 Rac8 39. Ra4 Nb5 40. Rc1 Bg7 41. Nb6 Rxc1 42. Bxc1 Nc3 43. Ra8 Rxa8 44. Nxa8 Ne2 45. Be3 g5 46. Nb6 Kh7 1/2-1/2

[Event "Chorzow Bak Memorial op"]
[Site "Chorzow"]
[Date "2010.11.15"]
[Round "5"]
[White "Galyga, Jozef"]
[Black "Blasiak, Miroslaw"]
[Result "1/2-1/2"]
[WhiteElo "1903"]
[BlackElo "1955"]
[PlyCount "81"]
[EventDate "2010.11.13"]
[EventType "swiss"]
[EventRounds "9"]
[EventCountry "POL"]
[SourceTitle "EXT 2012"]
[Source "ChessBase"]
[SourceDate "2011.11.24"]
[SourceVersion "1"]
[SourceVersionDate "2011.11.24"]
[SourceQuality "1"]

1. e4 e5 2. Nf3 Nc6 3. Bb5 a6 4. Ba4 Nf6 5. d3 b5 6. Bb3 Be7 7. 0-0 d6 8. Nbd2 0-0 9. h3 Na5 10. Re1 Nxb3 11. axb3 c5 12. Nf1 h6 13. Ng3 Re8 14. Bd2 a5 15. Rf1 Bd7 16. Nf5 Bf8 17. c4 d5 18. cxd5 Bxf5 19. exf5 Nxd5 20. Re1 Qf6 21. Qe2 Qxf5 22. Qe4 Qxe4 23. dxe4 Nb4 24. Bxb4 cxb4 25. Red1 f6 26. Rd5 Reb8 27. Ne1 a4 28. Nd3 a3 29. bxa3 bxa3 30. b4 Ra4 31. f3 Bxb4 32. Nxb4 Rxb4 33. Rxa3 Rd4 34. Rxd4 exd4 35. Kf2 Rc8 36. Rb3 Rc2+ 37. Kf1 Rc5 38. Ke2 Rc2+ 39. Kf1 Rc5 40. Ke2 Rc2+ 41. Kf1 1/2-1/2

[Event "Polanica Zdroj op-E 46th"]
[Site "Polanica Zdroj"]
[Date "2010.08.27"]
[Round "9"]
[White "Galyga, Jozef"]
[Black "Drazek, Wladyslaw"]
[Result "1-0"]
[WhiteElo "1885"]
[BlackElo "2070"]
[PlyCount "49"]
[EventDate "2010.08.19"]
[EventType "swiss"]
[EventRounds "10"]
[EventCountry "POL"]
[SourceTitle "CBM 138 Extra"]
[Source "ChessBase"]
[SourceDate "2010.10.29"]
[SourceVersion "1"]
[SourceVersionDate "2010.10.29"]
[SourceQuality "1"]

1. e4 e6 2. d3 d5 3. Nd2 Nf6 4. Ngf3 b6 5. g3 dxe4 6. dxe4 Bb7 7. Qe2 Ba6 8. c4 Nc6 9. e5 Nb4 10. Nb3 Nd7 11. a3 Nc6 12. Bf4 Bb7 13. Rd1 a5 14. Bg2 a4 15. Nbd2 Qc8 16. Ne4 Ra5 17. Bd2 Ra8 18. Bc3 Be7 19. 0-0 0-0 20. Rxd7 Qxd7 21. Rd1 Qc8 22. Nf6+ gxf6 23. exf6 Bd6 24. Ng5 e5 25. Qh5 1-0

[Event "Polanica Zdroj op-E 46th"]
[Site "Polanica Zdroj"]
[Date "2010.08.20"]
[Round "2"]
[White "Galyga, Jozef"]
[Black "Pojedziniec, Wladyslaw"]
[Result "0-1"]
[WhiteElo "1885"]
[BlackElo "2207"]
[PlyCount "104"]
[EventDate "2010.08.19"]
[EventType "swiss"]
[EventRounds "10"]
[EventCountry "POL"]
[SourceTitle "CBM 138 Extra"]
[Source "ChessBase"]
[SourceDate "2010.10.29"]
[SourceVersion "1"]
[SourceVersionDate "2010.10.29"]
[SourceQuality "1"]

1. e4 c5 2. Nc3 a6 3. Nf3 e6 4. g3 Nc6 5. Bg2 Nf6 6. 0-0 d6 7. d4 cxd4 8. Nxd4 Bd7 9. Nb3 Be7 10. Bf4 Qc7 11. Nc5 Bc8 12. Nd3 0-0 13. a4 Nd7 14. Ne2 Bf6 15. c4 Nce5 16. Rc1 b6 17. Nxe5 dxe5 18. Bd2 Bb7 19. Bb4 Nc5 20. Qc2 Bc6 21. a5 Rfd8 22. axb6 Qxb6 23. Bxc5 Qxc5 24. Rfd1 Qb4 25. b3 Rab8 26. Rxd8+ Rxd8 27. Rd1 Rb8 28. Nc1 g6 29. h4 a5 30. c5 a4 31. Rd6 Rc8 32. bxa4 Bxa4 33. Nd3 Bxc2 34. Nxb4 Rxc5 35. Nxc2 Rxc2 36. Rd7 Kf8 37. Bf3 Be7 38. Rd1 Bc5 39. Rf1 Bd4 40. Kg2 f5 41. g4 Kg7 42. h5 Kf6 43. hxg6 hxg6 44. Kg3 Kg5 45. gxf5 exf5 46. Bg2 Rc3+ 47. Kh2 Kf4 48. f3 Rc8 49. Bh3 Rc2+ 50. Bg2 Bf2 51. Kh1 Kg3 52. exf5 gxf5 0-1

[Event "Chorzow op"]
[Site "Chorzow"]
[Date "2010.03.22"]
[Round "3"]
[White "Czornik, Adam"]
[Black "Galyga, Jozef"]
[Result "1/2-1/2"]
[WhiteElo "1766"]
[BlackElo "1874"]
[PlyCount "73"]
[EventDate "2010.03.20"]
[EventType "swiss"]
[EventRounds "9"]
[EventCountry "POL"]
[SourceTitle "EXT 2012"]
[Source "ChessBase"]
[SourceDate "2011.11.24"]
[SourceVersion "1"]
[SourceVersionDate "2011.11.24"]
[SourceQuality "1"]

1. e4 e6 2. Qe2 Nc6 3. Nf3 e5 4. c3 d6 5. g3 g6 6. Bg2 Bg7 7. 0-0 Nf6 8. d4 0-0 9. dxe5 dxe5 10. Rd1 Qe7 11. b3 Re8 12. Ba3 Qe6 13. h3 h6 14. Nbd2 a5 15. Nh2 b6 16. Ndf1 Ba6 17. Qc2 Bf8 18. Bxf8 Rxf8 19. Rd2 Rad8 20. Rad1 Rxd2 21. Rxd2 Kg7 22. Ne3 Ne7 23. Nd5 Nexd5 24. exd5 Qd6 25. Nf1 Re8 26. Ne3 Nh5 27. Bf3 Nf6 28. c4 Bc8 29. Bg2 Nh7 30. Qc3 f5 31. f4 Nf6 32. Rf2 exf4 33. Rxf4 Qc5 34. Kf2 g5 35. Rd4 Kg6 36. Qd3 Kf7 37. d6 1/2-1/2

[Event "Rowy Seniors-ch 15th"]
[Site "Rowy"]
[Date "2009.09.15"]
[Round "8"]
[White "Galyga, Jozef"]
[Black "Cylwik, Zbigniew"]
[Result "1/2-1/2"]
[WhiteElo "1916"]
[BlackElo "2017"]
[PlyCount "120"]
[EventDate "2009.09.08"]
[EventType "swiss"]
[EventRounds "9"]
[EventCountry "POL"]
[SourceTitle "EXT 2010"]
[Source "ChessBase"]
[SourceDate "2010.11.25"]
[SourceVersion "1"]
[SourceVersionDate "2010.11.25"]
[SourceQuality "1"]

1. e4 g6 2. d4 Bg7 3. Nf3 c6 4. Nc3 d5 5. h3 dxe4 6. Nxe4 Nd7 7. Bc4 Nb6 8. Bb3 Nd5 9. 0-0 Ngf6 10. Ng3 0-0 11. c4 Nc7 12. Qe2 a5 13. Bf4 b5 14. Bxc7 Qxc7 15. cxb5 cxb5 16. Rac1 Qd6 17. Rfe1 a4 18. Bc2 Qb4 19. Bd3 Rb8 20. a3 Qa5 21. Qxe7 b4 22. Rc5 Qa8 23. Bc4 Rb7 24. Rc7 Rxc7 25. Qxc7 bxa3 26. bxa3 Bxh3 27. Re3 Qc8 28. Qxc8 Bxc8 29. Re7 Be6 30. Bxe6 fxe6 31. Rxe6 Rb8 32. Ra6 Rb1+ 33. Nf1 Ne4 34. Rxa4 Nc3 35. Ra8+ Bf8 36. g3 Ra1 37. Ng5 Rxa3 38. Rc8 Ne2+ 39. Kg2 Nxd4 40. Rd8 h6 41. Rxd4 hxg5 42. Rd5 Be7 43. Ne3 Kf7 44. Ng4 Ra7 45. Rb5 Rc7 46. Ne5+ Kg7 47. Nf3 Bf6 48. Nxg5 Bxg5 49. Rxg5 Kf6 50. Ra5 Kf7 51. f4 Rc2+ 52. Kf3 Rc6 53. Kg4 Rc7 54. Ra6 Kg7 55. Kh4 Rf7 56. Kg5 Rf5+ 57. Kg4 Rf7 58. Ra5 Rb7 59. Kg5 Rc7 60. g4 Rb7 1/2-1/2

[Event "Rowy Seniors-ch 15th"]
[Site "Rowy"]
[Date "2009.09.14"]
[Round "7"]
[White "Lenart, Franciszek"]
[Black "Galyga, Jozef"]
[Result "0-1"]
[WhiteElo "1612"]
[BlackElo "1916"]
[PlyCount "84"]
[EventDate "2009.09.08"]
[EventType "swiss"]
[EventRounds "9"]
[EventCountry "POL"]
[SourceTitle "EXT 2010"]
[Source "ChessBase"]
[SourceDate "2010.11.25"]
[SourceVersion "1"]
[SourceVersionDate "2010.11.25"]
[SourceQuality "1"]

1. d4 e6 2. e3 f5 3. Be2 Nf6 4. Nf3 Be7 5. c4 0-0 6. Nc3 d5 7. b3 c6 8. 0-0 Ne4 9. Nxe4 fxe4 10. Nd2 Nd7 11. a4 e5 12. dxe5 Nxe5 13. Ba3 Bxa3 14. Rxa3 Qg5 15. f4 exf3 16. Nxf3 Qxe3+ 17. Kh1 Nxf3 18. Rxf3 Rxf3 19. Bxf3 d4 20. Ra1 Bf5 21. h3 Rd8 22. b4 d3 23. c5 Be4 24. Qb3+ Bd5 25. Bxd5+ Rxd5 26. Rg1 Qd4 27. b5 d2 28. Rd1 Qd3 29. Qa2 h6 30. bxc6 bxc6 31. Qb2 Qe4 32. Qb3 Kh7 33. Kh2 Rd3 34. Qf7 Qe5+ 35. Kh1 Qe1+ 36. Kh2 Qe5+ 37. Kh1 Re3 38. Qf1 Re1 39. Kg1 Qe3+ 40. Kh2 Rxf1 41. Rxf1 Qe2 42. Rb1 d1Q 0-1

[Event "Rowy Seniors-ch 15th"]
[Site "Rowy"]
[Date "2009.09.10"]
[Round "3"]
[White "Zarow, Zdzislaw"]
[Black "Galyga, Jozef"]
[Result "1-0"]
[WhiteElo "2016"]
[BlackElo "1916"]
[PlyCount "52"]
[EventDate "2009.09.08"]
[EventType "swiss"]
[EventRounds "9"]
[EventCountry "POL"]
[SourceTitle "EXT 2010"]
[Source "ChessBase"]
[SourceDate "2010.11.25"]
[SourceVersion "1"]
[SourceVersionDate "2010.11.25"]
[SourceQuality "1"]

1. e4 e6 2. d4 d5 3. Bd3 c5 4. c3 Nc6 5. Nf3 dxe4 6. Bxe4 Nf6 7. Bg5 cxd4 8. Bxf6 Qxf6 9. Bxc6+ bxc6 10. Nxd4 e5 11. Qe2 Bc5 12. 0-0 0-0 13. Nf3 Re8 14. Nbd2 Bf5 15. Ne4 Bxe4 16. Qxe4 Re6 17. Rad1 Rd8 18. h3 h6 19. a4 Bb6 20. Rfe1 Rxd1 21. Rxd1 Qf4 22. Qxf4 exf4 23. Kf1 c5 24. Rd5 g5 25. b3 Kg7 26. Ne5 Rc6 1-0

[Event "Polanica Zdroj op-B 45th"]
[Site "Polanica Zdroj"]
[Date "2009.08.22"]
[Round "5"]
[White "Galyga, Jozef"]
[Black "Korcz, Daniel"]
[Result "1-0"]
[WhiteElo "1956"]
[BlackElo "1743"]
[PlyCount "69"]
[EventDate "2009.08.18"]
[EventType "swiss"]
[EventRounds "10"]
[EventCountry "POL"]
[SourceTitle "CBM 131 Extra"]
[Source "ChessBase"]
[SourceDate "2009.09.03"]
[SourceVersion "2"]
[SourceVersionDate "2009.09.16"]
[SourceQuality "1"]

1. e4 e5 2. Nf3 Nc6 3. Bb5 a6 4. Ba4 Nf6 5. Bxc6 dxc6 6. d3 Bc5 7. 0-0 Qe7 8. Nbd2 Bg4 9. h3 Bh5 10. Nc4 Nd7 11. Be3 0-0-0 12. Rb1 f6 13. a3 g5 14. b4 Bxe3 15. Nxe3 Bg6 16. Nd2 h5 17. a4 Rdg8 18. b5 cxb5 19. axb5 a5 20. Ndc4 b6 21. Nd5 Qe6 22. Nce3 Kb7 23. Rb3 Nc5 24. Rc3 Rg7 25. f3 Rf7 26. d4 exd4 27. Qxd4 Rd8 28. Nc4 Nxe4 29. fxe4 Bxe4 30. Rxf6 Qxd5 31. Rxb6+ cxb6 32. Qxb6+ Ka8 33. Qa6+ Ra7 34. Nb6+ Kb8 35. Rc8+ 1-0

[Event "Polanica Zdroj op-B 45th"]
[Site "Polanica Zdroj"]
[Date "2009.08.21"]
[Round "4"]
[White "Bednarski, Dawid"]
[Black "Galyga, Jozef"]
[Result "1-0"]
[WhiteElo "1799"]
[BlackElo "1956"]
[PlyCount "125"]
[EventDate "2009.08.18"]
[EventType "swiss"]
[EventRounds "10"]
[EventCountry "POL"]
[SourceTitle "CBM 131 Extra"]
[Source "ChessBase"]
[SourceDate "2009.09.03"]
[SourceVersion "2"]
[SourceVersionDate "2009.09.16"]
[SourceQuality "1"]

1. e4 e6 2. d4 d5 3. exd5 exd5 4. Bd3 Nc6 5. c3 Bd6 6. h3 Nge7 7. Bg5 Be6 8. Ne2 Qd7 9. b4 h6 10. Bf4 Ng6 11. Bxd6 Qxd6 12. Nd2 Nce7 13. Nf3 0-0 14. 0-0 a5 15. a3 Bf5 16. Re1 Qf6 17. Bxf5 Nxf5 18. Qd2 Nd6 19. Qd3 Rfe8 20. Nd2 Re6 21. bxa5 Rxa5 22. c4 dxc4 23. Nxc4 Nxc4 24. Qxc4 c6 25. a4 Qe7 26. Qc3 Rd5 27. Ng3 Rxe1+ 28. Rxe1 Qd7 29. Qb2 Rxd4 30. Nf5 c5 31. Nxd4 cxd4 32. Qb5 Qc7 33. Qd3 Qd7 34. Qe4 Qxa4 35. Qe8+ Qxe8 36. Rxe8+ Kh7 37. g3 h5 38. Kf1 h4 39. Ke2 hxg3 40. fxg3 f6 41. Kd3 Ne5+ 42. Kxd4 Nf3+ 43. Ke3 Ng5 44. h4 Nf7 45. Re7 Ne5 46. Rxb7 Kh6 47. Kf4 Kh7 48. g4 Ng6+ 49. Kg3 Kh6 50. Rb5 Ne7 51. Rb8 Kh7 52. Re8 Ng6 53. h5 Nh8 54. Rf8 g6 55. Rxf6 gxh5 56. gxh5 Kg7 57. Ra6 Nf7 58. Kh4 Kh7 59. Ra7 Kg8 60. Kg4 Nh6+ 61. Kg5 Nf7+ 62. Kf6 Nh6 63. Kg6 1-0

[Event "Polanica Zdroj op-B 45th"]
[Site "Polanica Zdroj"]
[Date "2009.08.18"]
[Round "1"]
[White "Galyga, Jozef"]
[Black "Siedlanowski, Lukasz"]
[Result "1/2-1/2"]
[WhiteElo "1956"]
[BlackElo "1688"]
[PlyCount "70"]
[EventDate "2009.08.18"]
[EventType "swiss"]
[EventRounds "10"]
[EventCountry "POL"]
[SourceTitle "CBM 131 Extra"]
[Source "ChessBase"]
[SourceDate "2009.09.03"]
[SourceVersion "2"]
[SourceVersionDate "2009.09.16"]
[SourceQuality "1"]

1. e4 c6 2. d3 d5 3. Nd2 e5 4. Ngf3 Bd6 5. Be2 Nf6 6. 0-0 0-0 7. h3 Nbd7 8. c3 Re8 9. Re1 Qb6 10. Qb3 Qxb3 11. axb3 dxe4 12. dxe4 Nc5 13. Bf1 b5 14. b4 Nb7 15. Nb3 Bc7 16. Bg5 Be6 17. Na5 Nxa5 18. bxa5 Nd7 19. b4 f6 20. Be3 Bd6 21. Red1 Be7 22. Be2 a6 23. Nh4 g6 24. Bg4 Bxg4 25. hxg4 Red8 26. Nf3 c5 27. bxc5 Nxc5 28. Bxc5 Bxc5 29. g5 Kf7 30. gxf6 Kxf6 31. Ne1 Bd6 32. Nd3 Rac8 33. Nb4 Bxb4 34. cxb4 Rd4 35. Rxd4 exd4 1/2-1/2

[Event "Lubawka op"]
[Site "Lubawka"]
[Date "2009.07.29"]
[Round "1"]
[White "Galyga, Jozef"]
[Black "Malisauskas, Vidmantas"]
[Result "0-1"]
[WhiteElo "1944"]
[BlackElo "2459"]
[PlyCount "52"]
[EventDate "2009.06.29"]
[EventType "swiss"]
[EventRounds "9"]
[EventCountry "POL"]
[SourceTitle "CBM 131 Extra"]
[Source "ChessBase"]
[SourceDate "2009.09.03"]
[SourceVersion "2"]
[SourceVersionDate "2009.09.16"]
[SourceQuality "1"]

1. e4 c5 2. Nf3 d6 3. g3 Nf6 4. d3 g6 5. Bg2 Bg7 6. 0-0 0-0 7. Nbd2 Nc6 8. c3 e5 9. a3 Ne8 10. b4 f5 11. Nc4 f4 12. bxc5 dxc5 13. gxf4 exf4 14. Qc2 g5 15. Re1 g4 16. Nfd2 b5 17. Nb2 Be6 18. f3 Qh4 19. Re2 Kh8 20. e5 Nxe5 21. d4 cxd4 22. Rxe5 Bxe5 23. Qe4 Bg7 24. Qxe6 dxc3 25. Rb1 Bd4+ 26. Kh1 Qf2 0-1

[Event "Pszczyna op"]
[Site "Pszczyna"]
[Date "2009.07.18"]
[Round "8"]
[White "Galyga, Jozef"]
[Black "Czernicki, Bogdan"]
[Result "1-0"]
[WhiteElo "1956"]
[BlackElo "2034"]
[PlyCount "74"]
[EventDate "2009.07.14"]
[EventType "swiss"]
[EventRounds "9"]
[EventCountry "POL"]
[SourceTitle "CBM 131 Extra"]
[Source "ChessBase"]
[SourceDate "2009.09.03"]
[SourceVersion "2"]
[SourceVersionDate "2009.09.16"]
[SourceQuality "1"]

1. e4 b6 2. d4 e6 3. Nf3 d5 4. exd5 exd5 5. Bd3 Bd6 6. 0-0 Ne7 7. Re1 Ba6 8. Bxa6 Nxa6 9. Nc3 c6 10. Bg5 0-0 11. Bxe7 Bxe7 12. Qe2 Nb4 13. a3 Bd6 14. axb4 Bxb4 15. Qd3 Bd6 16. Ne2 a5 17. Ng3 g6 18. Re2 Re8 19. Rae1 Rxe2 20. Qxe2 b5 21. Ne5 Qc7 22. Ng4 Kg7 23. Qe3 Bf4 24. Qe7 Qxe7 25. Rxe7 Kf8 26. Rb7 Re8 27. Kf1 Re6 28. Ne2 Bd6 29. f4 a4 30. Ne5 Bxe5 31. fxe5 f6 32. exf6 Rxf6+ 33. Ke1 h5 34. c3 Ke8 35. h4 Kd8 36. g3 g5 37. hxg5 Rg6 1-0

[Event "Pszczyna op"]
[Site "Pszczyna"]
[Date "2009.07.16"]
[Round "4"]
[White "Galyga, Jozef"]
[Black "Osipow, Nikolaj"]
[Result "1/2-1/2"]
[WhiteElo "1956"]
[BlackElo "2179"]
[PlyCount "72"]
[EventDate "2009.07.14"]
[EventType "swiss"]
[EventRounds "9"]
[EventCountry "POL"]
[SourceTitle "CBM 131 Extra"]
[Source "ChessBase"]
[SourceDate "2009.09.03"]
[SourceVersion "2"]
[SourceVersionDate "2009.09.16"]
[SourceQuality "1"]

1. e4 d5 2. exd5 Qxd5 3. Nc3 Qe5+ 4. Qe2 Qxe2+ 5. Bxe2 c6 6. Nf3 Bf5 7. d3 Nd7 8. Nd4 Bg6 9. h4 e5 10. Nb3 h5 11. Be3 Ngf6 12. Bf3 Bb4 13. 0-0 Ng4 14. Bd2 0-0-0 15. a3 Be7 16. g3 f5 17. Rfe1 Bf7 18. Na5 Bc5 19. Re2 e4 20. Bxg4 exd3 21. cxd3 fxg4 22. Nc4 Nf6 23. Ne5 Bb3 24. Bg5 Rhe8 25. Rae1 Re6 26. Kf1 Rde8 27. Ng6 Rxe2 28. Rxe2 Rxe2 29. Kxe2 Ng8 30. Be3 Bd6 31. Bf4 Ne7 32. Bxd6 Nxg6 33. Ke3 Kd7 34. Bb8 a6 35. Ne2 Bf7 36. Nf4 Nxf4 1/2-1/2